Statistics for Canadian Provences Abbreviations

Click here to take the quiz!

General Stats

  • This quiz has been taken 50 times
  • The average score is 11 of 13

Answer Stats

Province/TerritoryAbbreviation% Correct
British ColumbiaBC
100%
AlbertaAB
97%
ManitobaMB
90%
Northwest TerritoriesNT
90%
OntarioON
90%
New BrunswickNB
87%
Nova ScotiaNS
87%
Newfoundland and LabradorNL
84%
Prince Edward IslandPE
84%
NunavutNU
81%
QuébecQC
77%
SaskatchewanSK
71%
Yukon TerritoryYT
65%

Score Distribution

Percentile by Number Answered

Percent of People with Each Score

Your Score History

You have not taken this quiz